000 01058nam a2200289 i 4500
003 DO-SdBNP
005 20260210101940.0
007 ta
008 260210b2003 dr ||||| |||| 00| 0 spa d
040 _aDO-SdBNP
_bspa
_cBNPHU
_erda
041 _aspa
082 4 _axxx
_bxxx
_222
100 _aDubert, Ramón,
_eautor
_4aut.
_952293
245 1 0 _aDesde mi punto de vista /
_cRamón Dubert, S.J. ; composición y diagramación, Adela Sánchez, Andrea Gómez
250 _aPrimera edición
264 4 _aSantiago de los Caballeros, República Dominicana :
_bArzobispado de Santiago de los Caballeros,
_c©2003.
300 _a288 páginas ;
_c20 cm.
336 _atexto
_btxt
_2rdacontent
337 _asin mediación
_bn
_2rdamedia
338 _avolumen
_bnc
_2rdacarrier
590 _aAutográfiado por el autor
590 _aInventariado, 2026/BT
700 1 _aSánchez, Adela,
_ecomposición y diagramador
_4comp. y diagr.
_988989
700 1 _aGómez, Andrea,
_ecomposición y diagramador
_4comp. y diagr.
_988990
910 _aBtavárez
942 _2ddc
_cLBS1
999 _c60283
_d60283